Normale Ansicht MARC-Ansicht ISBD

Ein buntes Mosaik märkischer Schaffenskraft. (Titelsatznr. 100319)

[ MARC ]
MARC-Details
000 -Satzkennung
Kontrollfeld mit fester Länge 00802nam a22001817a 4500
008 - Feld mit fester Länge zur physischen Beschreibung - Allgemeine Angaben
Kontrollfeld mit fester Länge 201130b ||||| |||| 00| 0 eng d
040 ## - Katalogisierungsquelle
Katalogisierungssprache ger
Übertragungsstelle DE-2950
Beschreibungsfestlegungen rda
Original-Katalogisierungsstelle DE-2950
041 ## - Sprachcode
Sprachcode des Textes/der Tonspur oder des separaten Titels ger
100 ## - Person oder Familie als 1. geistiger Schöpfer
Personenname Lang, Elke:
245 ## - Titel
Haupttitel Ein buntes Mosaik märkischer Schaffenskraft.
Titelzusatz Literatur: Eine Gruppe Schriftsteller hat im Kleist-Museum die lyrische Sammlung "Hier ist herrlich arbeiten" vorgestellt, darunter auch die Landtagspräsidentin /
Verantwortlichkeitsangabe Elke Lang
653 ## - Lokales Schlagwort
Nicht-normierter Term Verband deutscher Schriftsteller im Land Brandenburg
653 ## - Lokales Schlagwort
Nicht-normierter Term Neuerscheinung
773 ## - Übergeordnete Einheit
Ort, Verlag und Erscheinungsjahr Frankfurt (Oder): Märkisches Verlags- und Druckhaus GmbH & Co KG
Verknüpfungsangaben 32. Jahrgang (2021) Nr. 122 vom 29./30.05.2021, S.20: Foto
Titel Märkische Oderzeitung
942 ## - Zusätzliche Felder (Koha)
Koha-Medientyp Aufsätze
Exemplare
Ausgeschieden Verloren Beschädigt Nicht entleihbar Permanenter Standort Aktueller Standort Aufstellungsort Eingabedatum Anzahl Ausleihen Signatur Letzte Aktivität Preis gültig von Medientyp
        Stadtarchiv Frankfurt (Oder) | Archivbibliothek Stadtarchiv Frankfurt (Oder) | Archivbibliothek Magazin 04/06/2021   Z2 04/06/2021 04/06/2021 Aufsätze